Countries of the World by Closest Country Eastwards, with a Map - Statistics

General Stats
  • This quiz has been taken 431 times
  • The average score is 119 of 196
Answers on the Map
Answers color-coded by a green-red scale on the quiz's map according to % correct below.
 
Answer Stats
Closest Eastwards Country Country % Correct
United Kingdom Ireland
82%
China Mongolia
82%
Brazil Suriname
81%
Brazil Uruguay
81%
Japan South Korea
80%
Canada United States
80%
Spain Portugal
78%
France Andorra
77%
Germany Denmark
76%
Germany Luxembourg
76%
Finland Sweden
75%
Argentina Chile
73%
Sweden Norway
73%
Democratic Republic of the Congo Republic of the Congo
73%
Egypt Libya
72%
Venezuela Colombia
71%
Mexico Samoa
71%
Pakistan Afghanistan
70%
Pakistan Oman
70%
Paraguay Bolivia
69%
Colombia Ecuador
69%
Colombia Panama
69%
Iraq Syria
69%
Ukraine Belarus
68%
Vietnam Cambodia
68%
Republic of the Congo Cameroon
68%
Madagascar Comoros
68%
Republic of the Congo Gabon
68%
Suriname Guyana
68%
Vietnam Laos
68%
Ukraine Moldova
68%
Algeria Morocco
68%
Oman United Arab Emirates
68%
Oman Yemen
68%
Tunisia Algeria
67%
North Korea China
67%
Mali Mauritania
67%
Chad Niger
67%
Bolivia Peru
67%
Panama Costa Rica
66%
Switzerland France
66%
Switzerland Monaco
66%
Sudan South Sudan
66%
Dominica Antigua and Barbuda
65%
Guyana Barbados
65%
Belize Guatemala
65%
Nepal India
65%
Nepal Kyrgyzstan
65%
Laos Myanmar
65%
Laos Thailand
65%
Turkey Ukraine
65%
Uruguay Argentina
64%
Haiti Bahamas
64%
Nigeria Benin
64%
Indonesia Brunei
64%
Haiti Jamaica
64%
Estonia Latvia
64%
Latvia Lithuania
64%
Mozambique Malawi
64%
South Korea North Korea
64%
Uruguay Paraguay
64%
Mozambique Swaziland
64%
Mozambique Zimbabwe
64%
Burma Bhutan
63%
Kiribati Marshall Islands
63%
Kiribati Nauru
63%
Samoa Tonga
63%
Samoa Tuvalu
63%
Papua New Guinea Australia
62%
Israel Egypt
62%
Czech Republic Germany
62%
Fiji New Zealand
62%
Papua New Guinea Palau
62%
Romania Slovakia
62%
Malta Tunisia
62%
Uzbekistan Turkmenistan
62%
Netherlands United Kingdom
62%
Fiji Vanuatu
62%
Zambia Angola
61%
Bhutan Bangladesh
61%
Honduras Belize
61%
Iceland Canada
61%
Bahamas Cuba
61%
Honduras El Salvador
61%
Tonga Fiji
61%
Ethiopia Kenya
61%
Greece Macedonia
61%
Bhutan Nepal
61%
Malaysia Singapore
61%
Lesotho South Africa
61%
Kenya Tanzania
61%
Kenya Uganda
61%
Central African Republic Chad
60%
Slovakia Czech Republic
60%
Nicaragua Honduras
60%
Slovakia Hungary
60%
Costa Rica Nicaragua
60%
Slovakia Poland
60%
Eritrea Sudan
60%
Azerbaijan Armenia
59%
Turkmenistan Azerbaijan
59%
Luxembourg Belgium
59%
South Sudan Central African Republic
59%
Bosnia and Herzegovina Croatia
59%
Belarus Estonia
59%
Belarus Finland
59%
Dominican Republic Haiti
59%
Turkmenistan Iran
59%
Austria Liechtenstein
59%
Guatemala Mexico
59%
Luxembourg Netherlands
59%
Andorra Spain
59%
Bangladesh Sri Lanka
59%
Philippines Taiwan
59%
Zimbabwe Botswana
58%
Yemen Djibouti
58%
Armenia Georgia
58%
Togo Ghana
58%
Bulgaria Greece
58%
East Timor Indonesia
58%
Brunei Malaysia
58%
Botswana Namibia
58%
Tajikistan Pakistan
58%
Solomon Islands Papua New Guinea
58%
Guinea Senegal
58%
Guinea Sierra Leone
58%
Yemen Somalia
58%
Benin Togo
58%
Tajikistan Uzbekistan
58%
Brunei Vietnam
58%
Zimbabwe Zambia
58%
Ghana Burkina Faso
57%
Ghana Côte d'Ivoire
57%
Palau East Timor
57%
Bahrain Kuwait
57%
Mauritius Madagascar
57%
Palau Philippines
57%
United Arab Emirates Qatar
57%
Uganda Rwanda
57%
Bahrain Saudi Arabia
57%
Mauritius Seychelles
57%
Croatia Slovenia
57%
Nauru Solomon Islands
57%
Slovenia Austria
56%
Rwanda Burundi
56%
Djibouti Eritrea
56%
Djibouti Ethiopia
56%
Marshall Islands Federated States of Micronesia
56%
Syria Jordan
56%
Syria Lebanon
56%
Sri Lanka Maldives
56%
Cameroon Nigeria
56%
Slovenia San Marino
56%
Syria Turkey
56%
Trinidad and Tobago Venezuela
56%
Moldova Bulgaria
55%
Burundi Democratic Republic of the Congo
55%
Saint Kitts and Nevis Dominican Republic
55%
Ireland Iceland
55%
Kuwait Iraq
55%
Jordan Israel
55%
Federated States of Micronesia Japan
55%
Kyrgyzstan Kazakhstan
55%
Tuvalu Kiribati
55%
Moldova Romania
55%
Liechtenstein Switzerland
55%
Kyrgyzstan Tajikistan
55%
Qatar Bahrain
54%
Vatican City Italy
54%
Kosovo Montenegro
54%
Kosovo Serbia
54%
Senegal Gambia
53%
Liberia Guinea
53%
Senegal Guinea-Bissau
53%
Côte d'Ivoire Liberia
53%
Comoros Mozambique
53%
Macedonia Albania
52%
Saint Lucia Dominica
52%
Gabon Equatorial Guinea
52%
Macedonia Kosovo
52%
Burkina Faso Mali
52%
Mongolia Russia
52%
Saint Lucia Saint Vincent and the Grenadines
52%
Montenegro Bosnia and Herzegovina
51%
Lebanon Cyprus
51%
Saint Vincent and the Grenadines Grenada
51%
Saint Vincent and the Grenadines Trinidad and Tobago
51%
Cape Verde Brazil
50%
Maldives Mauritius
50%
Barbados Saint Lucia
50%
San Marino Vatican City
50%
Gambia Cape Verde
49%
Swaziland Lesotho
48%
Albania Malta
48%
Antigua and Barbuda Saint Kitts and Nevis
47%
Equatorial Guinea São Tomé and Príncipe
47%
No matching quizzes found
Score Distribution
Percent of People with Each Score
Percentile by Number Answered
Your Score History
You have not taken this quiz